000 01479nim a22003972 4500
999 _c129309
_d129309
001 12045795
003 ARRUPE
005 20190329105835.0
007 ssulmnjlcnnnne
007 stuomndmbznnne
008 780721s1974 nyunnn t eng d
010 _a 99568457
028 0 2 _a 06741
_bEncyclopedia Americana, CBS News Audio Research Library,
035 _a(OCoLC)ocm04071235
040 _aUCW
_cUCW
_dDLC
042 _alcderive
043 _an-us---
050 0 0 _aHQ1206.M56 1974
100 1 _aMitchell, Juliet,
_d1940-
_945552
245 1 0 _aPsychoanalysis and feminism.
_bJuliet Mitchell
260 _aMiddlesex
_bPenguin Books
_c1974
300 _axxiii, 456p. ;
_c19cm.
518 _aRecorded in 1974.
533 _aPreservation master.
_bWashington, D.C. :
_cLibrary of Congress Magnetic Recording Laboratory,
_d1978.
_eOn 1 sound tape reel : analog, 7 1/2 ips, double track, mono. ; 10 in.
590 _a262 conversion.
590 _a305 conversion.
650 0 _aPsychoanalysis and feminism
_945553
650 0 _aWomen and psychoanalysis
_919421
906 _a0
_bcbc
_ccopycat
_d3
_encip
_f19
_gy-soundrec
942 _2lcc
_cMONOGRAPH